000 00741nmc a2200277 a 4500
003 AR-BaBNM
005 20251128203805.0
008 011101s1989 ||||||||||||||000 | spa||
020 _a950-13-6600-6
040 _cAR-BaBNM
100 1 _aBilbrough, A.
245 1 0 _aDidáctica y desarrollo de la educación física
260 _aBuenos Aires
_bKapelusz
_c1989
300 _a205 p.
_btablas, gráfs.
490 0 _aEducación física
650 4 _aEDUCACION FISICA
650 4 _aMATERIAS DEL CURRICULO
650 4 _aDEPORTE
650 4 _aEQUIPO DEPORTIVO
650 4 _aMETODOS DE ENSENANZA
653 _aEDUCACION PARA LA SALUD
700 1 _aJones, Percy
700 1 _aUcha, Iris
_etraductor
942 _cBK
998 _cHector
999 _c4958
_d4958